000 00927nam a2200205Ia 4500
999 _c39755
_d39755
001 6360
003 GE_BSU
005 20190621153915.0
008 181216s1982|||| |||||||||||||| ||geo||
041 _ageo
080 _a621.18(076) კ-57
100 _aკიღურაძე, ო.
_92282
245 _aსაქვაბე აგრეგატების თბოტექნიკური გამოცდა : დამხმ. სახელმძღვ. /
_cო. კიღურაძე ; რედ : მ. ძიძიგური.
264 _aთბილისი :
_bსპი,
_c1982.
300 _a79 გვ .:
_bცხრ;
_c19 სმ.
653 _aსაქვაბე აგრეგატების თბოტექნიკური გამოცდა
653 _aტექნიკა
700 _aძიძიგური, მ
_eრედაქტორი
_9472
942 _cBK
_2udc